| LEADER |
01400ngm0a2200289 450 |
| 001 |
16846942 |
| 100 |
|
|
|a 20240531d2024 u u0frey01 ba
|
| 101 |
1 |
|
|a ger
|c ger
|
| 102 |
|
|
|a DE
|
| 200 |
0 |
|
|a salle des profs (La)
|d Das Lehrerzimmer
|f Ilker Catak, réal., scénario
|g Marvin Miller, comp. - Johannes Duncker, Ilker Catak, scénario - Leonie Benesch, Anne-Kathrin Gummich, Rafael Stachowiak, Michael Klammer, Eva Löbau, Kathrin Wehlisch, ... [et al.] act.
|
| 207 |
|
1 |
|a
|
| 210 |
|
|
|a Paris
|c Tandem
|d 2024
|
| 215 |
|
|
|a 1 DVD 2 couches sur une simple face (01 h 34 mn)
|c 1.37:1, 16/9, coul., (PAL), Son. (Dolby Digital 5.1; allemand; français)
|
| 300 |
|
|
|a Langues principales : allemand, français; Sous-titres : français
|
| 330 |
|
|
|a Alors qu'une série de vols a lieu en salle des profs, Carla Nowak mène l'enquête dans le collège où elle enseigne. Très vite, tout l'établissement est ébranlé par ses découvertes.
|
| 700 |
|
0 |
|a Catak
|b Ilker
|4 370
|
| 702 |
|
0 |
|a Duncker
|b Johannes
|4 690
|
| 702 |
|
0 |
|a Miller
|b Marvin
|4 230
|
| 702 |
|
0 |
|a Benesch
|b Leonie
|4 5
|
| 702 |
|
0 |
|a Gummich
|b Anne-Kathrin
|4 5
|
| 702 |
|
0 |
|a Stachowiak
|b Rafael
|4 5
|
| 702 |
|
0 |
|a Klammer
|b Michael
|4 5
|
| 702 |
|
0 |
|a Löbau
|b Eva
|4 5
|
| 702 |
|
0 |
|a Wehlisch
|b Kathrin
|4 5
|
| 900 |
|
|
|a Film
|
| 901 |
|
|
|a Accessible au prêt
|
| 995 |
|
|
|a Bibliothèque
|c Bibliothèque
|f 00156008962227
|h 00156008962227
|k F CAT
|o p
|q a
|r gd
|e Bibliothèque
|